Snapshot from hell : The making of an MBA (Record no. 89760)
[ view plain ]
| 000 -LEADER | |
|---|---|
| fixed length control field | 00499nam a2200193Ia 4500 |
| 008 - FIXED-LENGTH DATA ELEMENTS--GENERAL INFORMATION | |
| fixed length control field | 230125s9999 xx 000 0 und d |
| 020 ## - INTERNATIONAL STANDARD BOOK NUMBER | |
| International Standard Book Number | 1-85788-07801 |
| 041 ## - LANGUAGE CODE | |
| Language code of text/sound track or separate title | eng |
| 082 ## - DEWEY DECIMAL CLASSIFICATION NUMBER | |
| Classification number | 658 |
| Item number | ROB |
| 100 ## - MAIN ENTRY--PERSONAL NAME | |
| Personal name | Robinson P |
| 9 (RLIN) | 112758 |
| 245 ## - TITLE STATEMENT | |
| Title | Snapshot from hell : The making of an MBA |
| 260 ## - PUBLICATION, DISTRIBUTION, ETC. (IMPRINT) | |
| Date of publication, distribution, etc. | 2003 |
| Name of publisher, distributor, etc. | Nicholas Bearly publisher |
| Place of publication, distribution, etc. | London |
| 300 ## - PHYSICAL DESCRIPTION | |
| Extent | 286p |
| 500 ## - GENERAL NOTE | |
| Keywords | General Management |
| 650 ## - SUBJECT ADDED ENTRY--TOPICAL TERM | |
| Topical term or geographic name as entry element | General |
| 700 ## - ADDED ENTRY--PERSONAL NAME | |
| Personal name | Robinson P |
| 9 (RLIN) | 112758 |
| 906 ## - LOCAL DATA ELEMENT F, LDF (RLIN) | |
| b | 44 |
| Withdrawn status | Lost status | Damaged status | Not for loan | Home library | Current library | Date acquired | Vendor | Cost, normal purchase price | Bill number | Total Checkouts | Full call number | Barcode | Date last seen | Cost, replacement price | Bill Date | Koha item type | Original Barcode |
|---|---|---|---|---|---|---|---|---|---|---|---|---|---|---|---|---|---|
| Smt. Hiraben Nanavati Institute of Management & Research for Women | Smt. Hiraben Nanavati Institute of Management & Research for Women | 24/09/2004 | Varma Book Distributor | 295.00 | 4284 | 658 ROB B04118 | HIMR-BK-4118 | 25/01/2023 | 251.00 | 17/09/2004 | Books | B04118 | |||||
| Smt. Hiraben Nanavati Institute of Management & Research for Women | Smt. Hiraben Nanavati Institute of Management & Research for Women | 31/03/2006 | Popular Book House | 295.00 | 261 | 658 ROB B05172 | HIMR-BK-5172 | 25/01/2023 | 251.00 | 31/03/2006 | Books | B05172 |